| 000 | 00587nam a2200121Ia 4500 | ||
|---|---|---|---|
| 008 | 220615s9999||||xx |||||||||||||| ||und|| | ||
| 100 | _aWeidman, Amanda | ||
| 245 | 0 |
_aBrought to Life by the Voice _bPlayback Singing and Cultural Politics in South India |
|
| 546 | _aEnglish[eng] | ||
| 650 | _aMusic||Ethnomusicology||History||Asia||India & South Asia||Social Science||Anthropology||Cultural & Social | ||
| 856 | _uhttps://library.oapen.org/bitstream/20.500.12657/49480/1/external_content.epub||https://library.oapen.org/bitstream/20.500.12657/49480/1/external_content.epub | ||
| 942 | _cEB | ||
| 999 |
_c19219 _d19219 |
||